Drake's Most Streamed Songs - Statistics

General Stats
  • This quiz has been taken 1,395 times
  • The average score is 7 of 20
Answer Stats
Hint Answer % Correct
2,988,648,437 One Dance
90%
2,430,477,213 God's Plan
86%
1,290,725,723 Hotline Bling
70%
1,529,050,469 Passionfruit
65%
1,362,213,385 In My Feelings
51%
1,232,513,331 Nice For What
42%
862,636,170 Jimmy Cooks (ft. 21 Savage)
35%
749,215,543 Rich Flex (ft. 21 Savage)
34%
1,078,002,525 Nonstop
31%
1,033,560,811 Toosie Slide
30%
940,650,271 Hold On, We're Going Home
27%
1,024,627,154 Too Good (ft. Rihanna)
20%
927,242,916 Laugh Now Cry Later (ft. Lil Durk)
16%
805,019,571 Jumpman (ft. Future)
15%
1,193,665,118 Life Is Good (ft. Future)
14%
949,971,439 Fake Love
13%
936,610,910 Money In The Grave (ft. Rick Ross)
13%
750,486,597 Wants and Needs (ft. Lil Baby)
10%
1,278,042,789 MIA (ft. Bad Bunny)
8%
966,492,175 Look Alive (ft. BlocBoy JB)
7%
No matching quizzes found
Score Distribution
Percent of People with Each Score
Percentile by Number Answered
Your Score History
You have not taken this quiz